[Event "WMSG Blitz 1st (Women)"]
[Site "Beijing"]
[Date "2008.10.04"]
[Round "5"]
[White "Zdebskaja, Natalia"]
[Black "Borosova, Zuzana"]
[Result "1-0"]
[WhiteElo "2419"]
[BlackElo "2234"]
[PlyCount "72"]
[EventDate "2008.10.04"]
[EventType "swiss (blitz)"]
[EventRounds "11"]
[EventCountry "CHN"]
[SourceTitle "CBM 126 Extra"]
[Source "ChessBase"]
[SourceDate "2008.11.05"]
[SourceVersion "1"]
[SourceVersionDate "2008.11.05"]
[SourceQuality "1"]

1. e4 e5 2. Nf3 Nc6 3. c3 d5 4. Qa4 dxe4 5. Nxe5 Qd5 6. Nxc6 bxc6 7. Bc4 Qd7 8.
O-O Nf6 9. d3 exd3 10. Re1+ Be7 11. Qa3 Qd6 12. Bxd3 Qxa3 13. Nxa3 Be6 14. Bc4
Nd5 15. Nc2 Nb6 16. Bxe6 fxe6 17. Rxe6 Kf7 18. Rxc6 Bd6 19. a4 Nd5 20. Rc4 Rhe8
21. Be3 a6 22. Rd1 Nf6 23. b4 Rab8 24. Nd4 Rxb4 25. g3 Rbb8 26. Rb1 Nd7 27. Rc6
Nb6 28. Bd2 Nd5 29. Rcb6 cxb6 30. c4 Nf6 31. Ra1 Re7 32. Nf5 Rd7 33. Nxd6+ Rxd6
34. Be3 Ke6 35. Kg2 Nd7 36. c5 Kd5 1-0

[Event "WMSG Blitz 1st (Women)"]
[Site "Beijing"]
[Date "2008.10.04"]
[Round "4"]
[White "Paehtz, Elisabeth"]
[Black "Kovanova, Baira"]
[Result "0-1"]
[WhiteElo "2471"]
[BlackElo "2379"]
[PlyCount "132"]
[EventDate "2008.10.04"]
[EventType "swiss (blitz)"]
[EventRounds "11"]
[EventCountry "CHN"]
[SourceTitle "CBM 126 Extra"]
[Source "ChessBase"]
[SourceDate "2008.11.05"]
[SourceVersion "1"]
[SourceVersionDate "2008.11.05"]
[SourceQuality "1"]

1. e4 e5 2. Nf3 Nc6 3. c3 Nf6 4. d4 exd4 5. e5 Ne4 6. Bd3 Nc5 7. cxd4 Nxd3+ 8.
Qxd3 d5 9. Bg5 Be7 10. h4 h6 11. Bxe7 Qxe7 12. Nc3 Be6 13. a3 a6 14. Ne2 Qd7
15. Nf4 Bf5 16. Qe3 O-O-O 17. Rc1 g5 18. Nh5 Be4 19. Nf6 Qf5 20. Ke2 g4 21. Nd2
Bxg2 22. Rhg1 Bf3+ 23. Nxf3 gxf3+ 24. Ke1 Qh3 25. Qf4 Qe6 26. Qg4 h5 27. Qxe6+
fxe6 28. Rd1 Ne7 29. Rg3 Nf5 30. Rxf3 Nxh4 31. Rh3 Ng2+ 32. Kf1 Nf4 33. Rh4 Ng6
34. Rxh5 Rxh5 35. Nxh5 Rh8 36. Ng3 Rh4 37. Ke2 Rf4 38. Ke3 Rg4 39. Rh1 c5 40.
Rc1 c4 41. a4 Kd7 42. Rc3 b5 43. axb5 axb5 44. Ra3 b4 45. Ra7+ Kc6 46. Ra6+ Kd7
47. Rd6+ Ke7 48. Rb6 b3 49. Rb7+ Kf8 50. Rb6 Ke7 51. Rb7+ Kf8 52. Rb6 Kf7 53.
Rb7+ Ne7 54. Ne2 Rh4 55. f3 Rh2 56. Ra7 Kf8 57. Kd2 Nf5 58. Ra8+ Kf7 59. Ra7+
Kg6 60. Ra6 Ng3 61. Rxe6+ Kg7 62. Re7+ Kf8 63. Rd7 Nxe2 64. Ke3 c3 65. bxc3 b2
66. Rb7 Nxc3 0-1

[Event "Santiago Endesa Classification"]
[Site "Santiago de Chile"]
[Date "2008.10.03"]
[Round "7"]
[White "Zavala Ovalle, Claudio Patricio"]
[Black "Fuentes Toro, Cristian"]
[Result "0-1"]
[WhiteElo "1713"]
[BlackElo "1767"]
[PlyCount "64"]
[EventDate "2008.09.24"]
[EventType "swiss"]
[EventRounds "9"]
[EventCountry "CHI"]
[SourceTitle "EXT 2012"]
[Source "ChessBase"]
[SourceDate "2011.11.24"]
[SourceVersion "1"]
[SourceVersionDate "2011.11.24"]
[SourceQuality "1"]

1. e4 e5 2. Nf3 Nc6 3. c3 Nf6 4. d4 exd4 5. e5 Ne4 6. cxd4 d5 7. Nc3 Bg4 8. Be3
a6 9. a3 Be7 10. Qb3 Nxc3 11. bxc3 b5 12. h3 Be6 13. Bd3 O-O 14. g4 Qd7 15. Qc2
h6 16. Nh2 Bh4 17. O-O-O Qe7 18. Kb2 Na5 19. f4 Nc4+ 20. Bxc4 bxc4 21. f5 Rab8+
22. Ka2 Rb3 23. Bc1 Bd7 24. Bb2 Rfb8 25. Rb1 Ba4 26. Qc1 Bg5 27. Qe1 Rxb2+ 28.
Rxb2 Bb3+ 29. Kb1 Qxa3 30. e6 Ba2+ 31. Kc2 Qxb2+ 32. Kd1 Bb3# 0-1

[Event "Ch Holstein (seniors) (open)"]
[Site "Eckernforde (Germany)"]
[Date "2008.10.02"]
[Round "7"]
[White "Liszka, Guenter"]
[Black "Langmann, Claus"]
[Result "1/2-1/2"]
[WhiteElo "1982"]
[BlackElo "1924"]
[PlyCount "57"]
[EventDate "2008.??.??"]
[EventRounds "7"]
[EventCountry "GER"]
[SourceTitle "OM OTB B 201907"]
[Source "Opening Master"]
[SourceDate "2019.07.06"]
[SourceVersion "2"]
[SourceVersionDate "2019.07.06"]
[SourceQuality "1"]

1. e4 e5 2. Nf3 Nc6 3. c3 Nf6 4. d4 exd4 5. e5 Nd5 6. cxd4 Bb4+ 7. Bd2 Bxd2+ 8.
Qxd2 O-O 9. Bc4 Nb6 10. Bd3 d6 11. O-O dxe5 12. dxe5 Bg4 13. Qe3 Bxf3 14. Qxf3
Nxe5 15. Bxh7+ Kxh7 16. Qh5+ Kg8 17. Qxe5 Re8 18. Qb5 c6 19. Qb3 Qd5 20. Qc2
Rad8 21. Nc3 Qd2 22. Rac1 Qxc2 23. Rxc2 Nd5 24. Nxd5 Rxd5 25. g3 Red8 26. Kg2
Rd2 27. Rfc1 f6 28. h4 g6 29. Kf1 1/2-1/2

[Event "LSS CP-2008-P-00034"]
[Site "LSS email"]
[Date "2008.10.01"]
[Round "?"]
[White "Dehaybe, Andre"]
[Black "Evans, Stanley W"]
[Result "1-0"]
[WhiteElo "1992"]
[BlackElo "1323"]
[PlyCount "67"]
[EventDate "2008.10.01"]
[EventType "tourn (corr)"]
[EventRounds "6"]
[SourceTitle "OM Corr 202003"]
[Source "Opening Master"]
[SourceDate "2019.05.30"]
[SourceVersion "2"]
[SourceVersionDate "2019.05.30"]
[SourceQuality "1"]
[WhiteTeam "United States"]
[BlackTeam "United States"]
[WhiteTeamCountry "USA"]
[BlackTeamCountry "USA"]

1. e4 e5 2. Nf3 Nc6 3. c3 Nf6 4. d4 Nxe4 5. d5 Ne7 6. Nxe5 Ng6 7. Nxg6 hxg6 8.
Bd3 Nf6 9. O-O Nxd5 10. Re1+ Be7 11. Bxg6 Nf6 12. Bd3 c6 13. Nd2 d5 14. Nf3 Be6
15. h3 Qd7 16. Ne5 Qc7 17. Ng6 Rh5 18. Qf3 Bd6 19. g4 Rh7 20. Nf4 Bxf4 21. Bxf4
Qe7 22. Bxh7 Nxh7 23. Qg3 Nf6 24. Bg5 O-O-O 25. Qe5 b6 26. f4 Qc5+ 27. Qd4
Qxd4+ 28. cxd4 Rh8 29. Bxf6 gxf6 30. Kg2 Kd8 31. f5 Bd7 32. b4 a6 33. a4 Rg8
34. Kf3 1-0

[Event "CP-2008-P-00071"]
[Site "Lechenicher SchachServer"]
[Date "2008.10.01"]
[Round "?"]
[White "Bukharin, Alexey"]
[Black "Salzmann, Stefan"]
[Result "0-1"]
[WhiteElo "1953"]
[BlackElo "2106"]
[PlyCount "40"]
[EventDate "2008.10.01"]
[SourceTitle "OM Corr 202003"]
[Source "Opening Master"]
[SourceDate "2019.05.30"]
[SourceVersion "2"]
[SourceVersionDate "2019.05.30"]
[SourceQuality "1"]

1. e4 e5 2. Nf3 Nc6 3. c3 d5 4. Qa4 Nf6 5. Nxe5 Bd6 6. Nxc6 bxc6 7. d3 O-O 8.
Be2 Re8 9. Nd2 Bg4 10. f3 Bd7 11. Qc2 c5 12. O-O Nh5 13. g3 Bxg3 14. hxg3 Nxg3
15. Nb3 Qh4 16. Nxc5 Bh3 17. Rf2 Rab8 18. f4 Rb6 19. Bf3 Rg6 20. Rg2 Bg4 0-1

[Event "Ch Region (open)"]
[Site "Nizhnij Novgorod (Russia)"]
[Date "2008.10.??"]
[Round "?"]
[White "Gavrilov, Nikolay"]
[Black "Lebedev, Sergey A"]
[Result "1/2-1/2"]
[WhiteElo "2051"]
[BlackElo "2220"]
[PlyCount "38"]
[EventDate "2008.??.??"]
[EventCountry "RUS"]
[SourceTitle "OM OTB B 201907"]
[Source "Opening Master"]
[SourceDate "2019.07.06"]
[SourceVersion "2"]
[SourceVersionDate "2019.07.06"]
[SourceQuality "1"]

1. e4 e5 2. Nf3 Nc6 3. c3 Nf6 4. d4 Nxe4 5. Bb5 Be7 6. Qe2 Nd6 7. Bxc6 dxc6 8.
dxe5 Nf5 9. O-O O-O 10. Rd1 Qe8 11. Nbd2 Nh4 12. Nxh4 Bxh4 13. Nf3 Bg4 14. Bf4
g5 15. Bg3 Bxg3 16. hxg3 Qe7 17. Rd4 Be6 18. Qe3 c5 19. Rd2 h6 1/2-1/2

[Event "Ch Region (open)"]
[Site "Nizhnij Novgorod (Russia)"]
[Date "2008.10.??"]
[Round "?"]
[White "Kochnev Victor"]
[Black "Gavrilov, Nikolay"]
[Result "1-0"]
[WhiteElo "2098"]
[BlackElo "2051"]
[PlyCount "59"]
[EventDate "2008.??.??"]
[EventCountry "RUS"]
[SourceTitle "OM OTB B 201907"]
[Source "Opening Master"]
[SourceDate "2019.07.06"]
[SourceVersion "2"]
[SourceVersionDate "2019.07.06"]
[SourceQuality "1"]

1. e4 e5 2. Nf3 Nc6 3. c3 d5 4. Qa4 dxe4 5. Nxe5 Bd7 6. Nxd7 Qxd7 7. Qxe4+ Be7
8. d4 Nf6 9. Qf3 O-O 10. Bd3 Nxd4 11. cxd4 Bb4+ 12. Nc3 Rfe8+ 13. Kf1 Qxd4 14.
g3 Rad8 15. Bc2 Rd6 16. Kg2 Rc6 17. Rd1 Qe5 18. Bf4 Qa5 19. Bb3 Bxc3 20. bxc3
Qxc3 21. Qxc3 Rxc3 22. Rac1 Rxc1 23. Bxc1 c5 24. Bc4 b6 25. Bb2 Kf8 26. Bxf6
gxf6 27. Rd7 Re7 28. Rxe7 Kxe7 29. Kf3 Kd6 30. Ke4 1-0

[Event "Tatry op"]
[Site "Tatranske Zruby"]
[Date "2008.09.29"]
[Round "4"]
[White "Chovanec, Milan"]
[Black "Vul, Arkadi Eremeevich"]
[Result "1/2-1/2"]
[WhiteElo "2194"]
[BlackElo "2332"]
[PlyCount "61"]
[EventDate "2008.09.27"]
[EventType "swiss"]
[EventRounds "9"]
[EventCountry "SVK"]
[SourceTitle "CBM 126 Extra"]
[Source "ChessBase"]
[SourceDate "2008.11.05"]
[SourceVersion "1"]
[SourceVersionDate "2008.11.05"]
[SourceQuality "1"]

1. e4 e5 2. Nf3 Nc6 3. c3 Nf6 4. d4 Nxe4 5. d5 Nb8 6. Nxe5 Bc5 7. Nd3 Bb6 8.
Nd2 Nxd2 9. Qe2+ Qe7 10. Bxd2 d6 11. Qxe7+ Kxe7 12. Be2 Re8 13. O-O Kf8 14.
Rfe1 Bf5 15. Nf4 Nd7 16. Bd3 Bxd3 17. Nxd3 Nf6 18. c4 Ne4 19. Be3 Bxe3 20. Rxe3
Nc5 21. Rxe8+ Rxe8 22. Nxc5 dxc5 23. Kf1 Re4 24. b3 Ke7 25. Re1 Rxe1+ 26. Kxe1
Kf6 27. Ke2 Ke5 28. Ke3 g5 29. g3 a6 30. h3 f5 31. f4+ 1/2-1/2

[Event "SRB-chT2 West"]
[Site "Serbia"]
[Date "2008.09.28"]
[Round "3.6"]
[White "Rizovic, Sefcet"]
[Black "Stojanovic, Dobrisav"]
[Result "0-1"]
[WhiteElo "2036"]
[BlackElo "2346"]
[PlyCount "38"]
[EventDate "2008.09.14"]
[EventType "team"]
[EventRounds "11"]
[EventCountry "SRB"]
[SourceTitle "EXT 2012"]
[Source "ChessBase"]
[SourceDate "2011.11.24"]
[SourceVersion "1"]
[SourceVersionDate "2011.11.24"]
[SourceQuality "1"]

1. e4 e5 2. Nf3 Nc6 3. c3 d5 4. Bb5 f6 5. Nxe5 fxe5 6. Qh5+ Ke7 7. Bxc6 bxc6 8.
Qxe5+ Kf7 9. d4 dxe4 10. Qxe4 Qe7 11. Nd2 Ba6 12. f3 Nf6 13. Qe5 Qd7 14. Kd1
Re8 15. Qg3 Be2+ 16. Kc2 Qf5+ 17. Ne4 Nxe4 18. fxe4 Rxe4 19. Kb3 Bc4+ 0-1

[Event "FICGS__CHESS__CLASS_C__000094"]
[Site "FICGS"]
[Date "2008.09.28"]
[Round "1"]
[White "Madsen, John"]
[Black "Sternik, Ryszard"]
[Result "0-1"]
[WhiteElo "1717"]
[BlackElo "1778"]
[PlyCount "76"]
[EventDate "2008.??.??"]
[SourceTitle "OM Corr 202003"]
[Source "Opening Master"]
[SourceDate "2019.05.30"]
[SourceVersion "2"]
[SourceVersionDate "2019.05.30"]
[SourceQuality "1"]

1. e4 e5 2. Nf3 Nc6 3. c3 Nf6 4. d4 Nxe4 5. d5 Nb8 6. Bd3 Nc5 7. Bc2 d6 8. Bg5
Be7 9. Bxe7 Qxe7 10. O-O O-O 11. Nbd2 a5 12. Nc4 f5 13. Re1 Nbd7 14. a4 Qf7 15.
Ng5 Qg6 16. Ne6 Nxe6 17. dxe6 Nc5 18. Nxe5 dxe5 19. e7 Re8 20. Qd5+ Ne6 21.
Rxe5 Rxe7 22. Bxf5 Qf6 23. Rae1 Ra6 24. f4 g6 25. Bd3 Rd6 26. Qe4 b6 27. Qe3
Bd7 28. Bc4 Re8 29. Rf1 Kh8 30. f5 gxf5 31. Rexf5 Qg6 32. Rf7 Bc6 33. Qe5+ Kg8
34. R7f2 Qg7 35. Qh5 Kh8 36. g3 h6 37. Re1 Bxa4 38. Rfe2 Bd7 0-1

[Event "FICS rated standard game"]
[Site "FICS freechess.org"]
[Date "2008.09.26"]
[Round "?"]
[White "tentacle"]
[Black "alisoli"]
[Result "1-0"]
[WhiteElo "2198"]
[BlackElo "2025"]
[PlyCount "28"]
[EventDate "2008.??.??"]
[SourceTitle "OM Portal C 201906"]
[Source "Opening Master"]
[SourceDate "2019.06.27"]
[SourceVersion "1"]
[SourceVersionDate "2019.06.27"]
[SourceQuality "1"]

1. e4 e5 2. Nf3 Nc6 3. c3 Nf6 4. d4 exd4 5. e5 Qe7 6. cxd4 d6 7. Bb5 dxe5 8.
Bxc6+ bxc6 9. dxe5 Ba6 10. Nc3 Nd7 11. Qd4 g6 12. Bf4 Bg7 13. O-O-O Rd8 14. Qa4
Bb5 1-0

[Event "EU-ch U14 18th"]
[Site "Herceg Novi"]
[Date "2008.09.24"]
[Round "9"]
[White "Grigoryan, Karen H"]
[Black "Kovalev, Vladislav"]
[Result "1/2-1/2"]
[WhiteElo "2097"]
[BlackElo "2315"]
[PlyCount "238"]
[EventDate "2008.09.15"]
[EventType "swiss"]
[EventRounds "9"]
[EventCountry "MNE"]
[SourceTitle "CBM 126 Extra"]
[Source "ChessBase"]
[SourceDate "2008.11.05"]
[SourceVersion "1"]
[SourceVersionDate "2008.11.05"]
[SourceQuality "1"]

1. e4 e5 2. Nf3 Nc6 3. c3 d5 4. Qa4 Qd6 5. exd5 Qxd5 6. Bb5 Bd7 7. O-O O-O-O 8.
d3 Kb8 9. Be3 Nd4 10. Bxd4 exd4 11. Nxd4 c5 12. Nf3 Bxb5 13. Qxb5 Nf6 14. Na3
Bd6 15. Qc4 Bc7 16. Qxd5 Rxd5 17. d4 cxd4 18. Nxd4 Bb6 19. Nac2 Rhd8 20. Rfe1
R8d7 21. f3 a6 22. g3 Bc5 23. Kg2 g6 24. Re2 Kc7 25. a4 R5d6 26. Rae1 Rb6 27.
b4 Bf8 28. a5 Rbd6 29. Na3 Nd5 30. Re8 Rd8 31. Nab5+ axb5 32. Nxb5+ Kd7 33.
Nxd6 Bxd6 34. Rxd8+ Kxd8 35. Rc1 Kc7 36. f4 f5 37. Kf3 Nf6 38. Ke3 h5 39. Kd4
h4 40. Re1 Ne4 41. gxh4 Bxf4 42. Rg1 g5 43. hxg5 Nxg5 44. Rf1 Bxh2 45. Rxf5
Ne6+ 46. Kc4 Nd8 47. Rh5 Bg1 48. Kd5 Bf2 49. Rh7+ Kc8 50. b5 Be1 51. a6 bxa6
52. bxa6 Kb8 53. c4 Bc3 54. Rd7 Bf6 55. c5 Ka8 56. a7 Bh4 57. Rh7 Bg3 58. Re7
Bh4 59. Rc7 Bg5 60. Rd7 Bh4 61. Rh7 Bg3 62. Rg7 Bh4 63. Rc7 Bg5 64. Rd7 Bh4 65.
Rh7 Bg3 66. Rh3 Bc7 67. Ra3 Bh2 68. Ra4 Bc7 69. Ra6 Nb7 70. Rc6 Ba5 71. Ra6 Bc7
72. Ra2 Nxc5 73. Kxc5 Bf4 74. Ra3 Bh2 75. Kb5 Bg1 76. Rg3 Bxa7 77. Rg7 Bb8 78.
Kc5 Ba7+ 79. Kc4 Bb8 80. Rg2 Ba7 81. Kd5 Bb8 82. Ke6 Ba7 83. Ra2 Kb7 84. Kd5
Ka8 85. Kc6 Kb8 86. Rc2 Ka8 87. Rd2 Bb8 88. Kb6 Ba7+ 89. Ka6 Bb8 90. Re2 Ba7
91. Re8+ Bb8 92. Re7 Bg3 93. Ra7+ Kb8 94. Rg7 Bf4 95. Rg8+ Kc7 96. Ra8 Be3 97.
Re8 Bf2 98. Re7+ Kb8 99. Rb7+ Ka8 100. Rf7 Bg3 101. Ra7+ Kb8 102. Rg7 Bf2 103.
Re7 Bg1 104. Re8+ Kc7 105. Kb5 Ba7 106. Re7+ Kb8 107. Kc6 Ka8 108. Kc7 Bb8+
109. Kb6 Bf4 110. Ra7+ Kb8 111. Rf7 Be3+ 112. Kc6 Ka8 113. Rb7 Bf4 114. Rf7 Bb8
115. Kb6 Bg3 116. Ra7+ Kb8 117. Rf7 Ka8 118. Ra7+ Kb8 119. Rg7 Bf2+ 1/2-1/2

[Event "Santiago Endesa Classification"]
[Site "Santiago de Chile"]
[Date "2008.09.24"]
[Round "1"]
[White "Zavala Ovalle, Claudio Patricio"]
[Black "Stawizsinski, Walter"]
[Result "0-1"]
[WhiteElo "1713"]
[BlackElo "2133"]
[PlyCount "60"]
[EventDate "2008.09.24"]
[EventType "swiss"]
[EventRounds "9"]
[EventCountry "CHI"]
[SourceTitle "EXT 2012"]
[Source "ChessBase"]
[SourceDate "2011.11.24"]
[SourceVersion "1"]
[SourceVersionDate "2011.11.24"]
[SourceQuality "1"]

1. e4 e5 2. Nf3 Nc6 3. c3 Nf6 4. d4 Qe7 5. d5 Nd8 6. Qc2 g6 7. Be3 Bg7 8. h3
O-O 9. Nbd2 d6 10. Bd3 h5 11. Nh2 Bd7 12. f3 Nh7 13. Ndf1 a5 14. a4 b6 15. Qf2
f5 16. c4 f4 17. Bd2 h4 18. Ng4 g5 19. Nfh2 Nb7 20. b3 Nc5 21. Bc2 c6 22. Rc1
cxd5 23. cxd5 b5 24. axb5 Bxb5 25. Bc3 Rfc8 26. Qd2 Qc7 27. Nf2 Nf6 28. Nhg4
Nh5 29. Nd3 Bxd3 30. Bxd3 Nxb3 0-1

[Event "EU-ch U18 Girls 18th"]
[Site "Herceg Novi"]
[Date "2008.09.22"]
[Round "7"]
[White "Gosciniak, Maria"]
[Black "Agrest, Inna"]
[Result "1-0"]
[WhiteElo "2096"]
[BlackElo "2206"]
[PlyCount "81"]
[EventDate "2008.09.15"]
[EventType "swiss"]
[EventRounds "9"]
[EventCountry "MNE"]
[SourceTitle "CBM 126 Extra"]
[Source "ChessBase"]
[SourceDate "2008.11.05"]
[SourceVersion "1"]
[SourceVersionDate "2008.11.05"]
[SourceQuality "1"]

1. e4 e5 2. Nf3 Nc6 3. c3 d6 4. d4 Qe7 5. Bd3 Nf6 6. O-O h6 7. Qb3 g6 8. Bb5 a6
9. Bxc6+ bxc6 10. dxe5 dxe5 11. Nbd2 Bg7 12. Qc2 O-O 13. b3 Nh5 14. Ba3 c5 15.
Ne1 Rd8 16. Nc4 Nf4 17. f3 Be6 18. Na5 Qg5 19. Kh1 Nh5 20. Rf2 Bf8 21. Nb7 Rd7
22. Bxc5 c6 23. Bxf8 Rxb7 24. Ba3 Rd8 25. Bc1 Qh4 26. Be3 f5 27. Kg1 Nf6 28.
Rd1 Rxd1 29. Qxd1 Rd7 30. Rd2 fxe4 31. Rxd7 Bxd7 32. Qd2 exf3 33. Nxf3 Qe4 34.
Bxh6 Ng4 35. Bg5 Qb1+ 36. Ne1 e4 37. h3 Ne5 38. Kh2 a5 39. Bf6 Nf7 40. Qxd7
Qxe1 41. Qe8+ 1-0

[Event "It (open) (b)"]
[Site "Zdar nad Sazavou (Czech Repub"]
[Date "2008.09.21"]
[Round "2"]
[White "Kearsley, Raymond J"]
[Black "Zavadilova, Karolina"]
[Result "0-1"]
[WhiteElo "1819"]
[BlackElo "1755"]
[PlyCount "58"]
[EventDate "2008.??.??"]
[EventRounds "9"]
[SourceTitle "OM OTB B 201907"]
[Source "Opening Master"]
[SourceDate "2019.07.06"]
[SourceVersion "2"]
[SourceVersionDate "2019.07.06"]
[SourceQuality "1"]

1. e4 e5 2. Nf3 Nc6 3. c3 Nf6 4. d4 exd4 5. e5 Nd5 6. cxd4 d6 7. Bc4 dxe5 8.
dxe5 Bb4+ 9. Bd2 O-O 10. a3 Bxd2+ 11. Nbxd2 Nb6 12. Ba2 Bg4 13. Qb3 Be6 14. Qc3
Bxa2 15. Rxa2 Qd5 16. b3 Rfe8 17. Nc4 Nxc4 18. bxc4 Qe4+ 19. Kd2 Nxe5 20. Nxe5
Rxe5 21. Qd3 Qxg2 22. Rf1 Qxh2 23. Kc3 Qf4 24. Rd2 h5 25. Rfd1 Qf6 26. Kb3 h4
27. Qh3 Rf5 28. Qg2 Rf3+ 29. Ka2 Qc3 0-1

[Event "NRW Class1 0809"]
[Site "Germany"]
[Date "2008.09.21"]
[Round "1.1"]
[White "Fox, Daniel"]
[Black "Erwich, Marc"]
[Result "0-1"]
[WhiteElo "2129"]
[BlackElo "2415"]
[PlyCount "104"]
[EventDate "2008.09.21"]
[EventType "team-tourn"]
[EventRounds "9"]
[EventCountry "GER"]
[SourceTitle "EXT 2010"]
[Source "ChessBase"]
[SourceDate "2009.11.30"]
[SourceVersion "1"]
[SourceVersionDate "2009.11.30"]
[SourceQuality "1"]
[WhiteTeam "Brackwede"]
[BlackTeam "Erckenschwick"]
[WhiteTeamCountry "GER"]
[BlackTeamCountry "GER"]

1. e4 e5 2. Nf3 Nc6 3. c3 Nf6 4. d4 Nxe4 5. d5 Ne7 6. Nxe5 Ng6 7. Bd3 Nxe5 8.
Bxe4 Bc5 9. O-O d6 10. Qc2 Qh4 11. Nd2 Bg4 12. Nb3 Bb6 13. Nd4 O-O 14. Bf4 Bd7
15. Bg3 Qh5 16. f4 Ng4 17. Bf3 Qg6 18. Qd2 h5 19. Rfe1 Rfe8 20. Re2 Rxe2 21.
Bxe2 Re8 22. Re1 Nf6 23. Bf3 Rxe1+ 24. Bxe1 Qb1 25. a3 Bxd4+ 26. cxd4 Bg4 27.
Qe2 Bxf3 28. gxf3 Nxd5 29. Qd2 Nxf4 30. Qxf4 Qxe1+ 31. Kg2 Qe2+ 32. Kg3 g6 33.
b4 Kg7 34. h4 Qe1+ 35. Kg2 Qe7 36. Kg3 d5 37. Qc1 Qd6+ 38. Kg2 c6 39. Qe3 Qe6
40. Qf4 Qe2+ 41. Kg3 Qe1+ 42. Kg2 Qe7 43. Kg3 Qf6 44. Qe3 Kf8 45. Qh6+ Ke7 46.
Qe3+ Kd7 47. Qd2 Qe7 48. Qd3 Qe1+ 49. Kh3 a6 50. f4 Qh1+ 51. Kg3 Qg1+ 52. Kf3
Qg4+ 0-1

[Event "Kesarovski Georgiev Memorial 7th"]
[Site "Sunny Beach"]
[Date "2008.09.14"]
[Round "9"]
[White "Jordanov, Nikolay"]
[Black "Chervenkov, Dinko"]
[Result "1-0"]
[WhiteElo "2232"]
[BlackElo "1892"]
[PlyCount "96"]
[EventDate "2008.09.08"]
[EventType "swiss"]
[EventRounds "9"]
[EventCountry "BUL"]
[SourceTitle "CBM 126 Extra"]
[Source "ChessBase"]
[SourceDate "2008.11.05"]
[SourceVersion "1"]
[SourceVersionDate "2008.11.05"]
[SourceQuality "1"]

1. e4 e5 2. Nf3 Nc6 3. c3 d5 4. Qa4 dxe4 5. Nxe5 Qd5 6. Bb5 Nge7 7. f4 exf3 8.
Nxf3 Bd7 9. O-O O-O-O 10. d4 Be6 11. c4 Qe4 12. Nc3 Qg6 13. d5 Nxd5 14. cxd5
Bc5+ 15. Kh1 Bxd5 16. Nxd5 Rxd5 17. Bxc6 bxc6 18. Bf4 Kb7 19. Rac1 Re8 20. Bg3
Re4 21. Qc2 Re6 22. Qxg6 hxg6 23. b4 Bd6 24. Bf2 Re2 25. a3 f6 26. Bc5 g5 27.
Nd4 Ree5 28. Nb3 Bxc5 29. Nxc5+ Kb6 30. h3 Re3 31. Rc3 Re2 32. Nb3 Ra2 33. Na5
c5 34. Rfc1 cxb4 35. axb4 c5 36. Rxc5 Rxc5 37. Rxc5 Ra1+ 38. Kh2 Rb1 39. Nc4+
Kb7 40. b5 Rd1 41. Rc6 Rd8 42. Na5+ Kb8 43. Ra6 Ka8 44. Rxa7+ Kxa7 45. Nc6+ Kb6
46. Nxd8 Kxb5 47. Ne6 Kc6 48. Nxg7 Kd6 1-0

[Event "SRB-chT2 West"]
[Site "Serbia"]
[Date "2008.09.14"]
[Round "1.6"]
[White "Todic, Zoran"]
[Black "Muratovic, Alija"]
[Result "1/2-1/2"]
[WhiteElo "2252"]
[BlackElo "2457"]
[PlyCount "80"]
[EventDate "2008.09.14"]
[EventType "team"]
[EventRounds "11"]
[EventCountry "SRB"]
[SourceTitle "EXT 2012"]
[Source "ChessBase"]
[SourceDate "2011.11.24"]
[SourceVersion "1"]
[SourceVersionDate "2011.11.24"]
[SourceQuality "1"]

1. e4 e5 2. Nf3 Nc6 3. c3 f5 4. d3 d5 5. Qa4 Qd6 6. exd5 Qxd5 7. Qb3 Nf6 8. Bg5
Be6 9. Bxf6 gxf6 10. Qxd5 Bxd5 11. Nbd2 O-O-O 12. O-O-O Bc5 13. Nh4 Bxf2 14.
Nxf5 Be6 15. Ne4 Bb6 16. g4 h5 17. Be2 Rdf8 18. Rdf1 hxg4 19. Bxg4 Kd8 20. b3
Ne7 21. h3 Bxf5 22. Bxf5 Be3+ 23. Kc2 Bf4 24. Be6 f5 25. Nc5 Rf6 26. Nxb7+ Ke8
27. Bc4 Be3 28. Rf3 f4 29. b4 Nf5 30. Bd5 Rfh6 31. Kb3 Ng3 32. Re1 Rxh3 33.
Rexe3 fxe3 34. Rxe3 Nf5 35. Rxe5+ Ne7 36. Bc4 R8h5 37. Re4 R5h4 38. Re5 Rh5 39.
Re4 R5h4 40. Re5 Rh5 1/2-1/2

[Event "Seefeld-Casino op 19th"]
[Site "Seefeld/Tirol (5.9.-13.9)"]
[Date "2008.09.13"]
[Round "9.32"]
[White "Schett, Franz"]
[Black "Egger, Herbert"]
[Result "0-1"]
[WhiteElo "1621"]
[BlackElo "1698"]
[PlyCount "86"]
[EventDate "2008.09.??"]
[EventRounds "9"]
[EventCountry "AUT"]
[SourceTitle "OM OTB B 201907"]
[Source "Opening Master"]
[SourceDate "2019.07.06"]
[SourceVersion "2"]
[SourceVersionDate "2019.07.06"]
[SourceQuality "1"]

1. e4 e5 2. Nf3 Nc6 3. c3 Nf6 4. Qc2 d5 5. d3 Bg4 6. Nbd2 Be7 7. h3 Bh5 8. Be2
O-O 9. O-O h6 10. Re1 Bxf3 11. Bxf3 d4 12. Nf1 Bc5 13. b4 Bb6 14. b5 Ne7 15. c4
Bc5 16. a4 b6 17. Bd2 a6 18. Reb1 a5 19. Ng3 Rb8 20. Qc1 Kh7 21. h4 Nfg8 22.
Nf5 Nxf5 23. exf5 Qxh4 24. g3 Qh3 25. Bg2 Qg4 26. Qf1 Nf6 27. Bh3 Qf3 28. Re1
Rbe8 29. Kh2 e4 30. dxe4 Nxe4 31. Rxe4 Rxe4 32. Bg2 Qh5+ 33. Kg1 Re2 34. Rd1
Rfe8 35. Bf4 Qxf5 36. Bf3 Ra2 37. Re1 Rxe1 38. Qxe1 g6 39. Be4 Qe6 40. Qb1 Qxc4
41. Kg2 Qe2 42. Bd3 Qxf2+ 43. Kh3 Qh2+ 0-1

[Event "RUS-ch Higher League 61st"]
[Site "Novokuznetsk"]
[Date "2008.09.10"]
[Round "7"]
[White "Vorobiov, Evgeny E"]
[Black "Smirnov, Artem"]
[Result "1-0"]
[WhiteElo "2550"]
[BlackElo "2452"]
[PlyCount "123"]
[EventDate "2008.09.03"]
[EventType "swiss"]
[EventRounds "11"]
[EventCountry "RUS"]
[SourceTitle "CBM 126"]
[Source "ChessBase"]
[SourceDate "2008.10.01"]
[SourceVersion "1"]
[SourceVersionDate "2008.10.01"]
[SourceQuality "1"]

1. e4 e5 2. Nf3 Nc6 3. c3 d5 4. Qa4 Bd7 5. exd5 Nd4 6. Qd1 Nxf3+ 7. Qxf3 Bd6 8.
Bc4 f5 9. d4 e4 10. Qh5+ g6 11. Qe2 Nf6 12. g3 O-O 13. Bg5 Kg7 14. Nd2 h6 15.
Be3 f4 16. gxf4 Bg4 17. Qf1 Qd7 18. Rg1 Qf5 19. Qg2 Rae8 20. Nf1 Kh7 21. h4 Bf3
22. Ng3 Qd7 23. Qf1 Ng4 24. Qh3 Qa4 25. Bb3 Qb5 26. Qf1 Qd7 27. Qh3 Bxf4 28.
Kd2 Qb5 29. Qf1 Qb6 30. Re1 h5 31. Kc2 Qd6 32. Qh3 Rf6 33. Kb1 Ref8 34. c4 a5
35. Bc2 Re8 36. a3 b5 37. cxb5 Qxd5 38. a4 c6 39. Ne2 Bxe3 40. Nc3 Qxd4 41.
fxe3 Qe5 42. Qg3 cxb5 43. Qxe5 Rxe5 44. axb5 Kh6 45. Rg3 g5 46. hxg5+ Kxg5 47.
Reg1 Kh6 48. Ka2 Rfe6 49. Bd1 Rf5 50. Bb3 Re8 51. Bd5 Rxd5 52. Nxd5 Kg5 53. b6
h4 54. Rxg4+ Bxg4 55. Rxg4+ Kxg4 56. Nf6+ Kf3 57. Nxe8 h3 58. b7 h2 59. b8=Q
h1=Q 60. Qf4+ Ke2 61. Nd6 Kd3 62. Qxe4+ 1-0